01069 a2200193 45000010006000000050017000060080041000230030015000640400040000790800104001192450094002230200022003172640033003393000019003725050361003910410008007521000020007608560095007804117720260407155705.0260407a2006 arg spa dAR-UNSa-BCEJYS aAR-UNSa-BCEJYSbspacAR-UNSa-BCEJYS a347.736xQuiebra. Insolvencia. Suspensión de pagos. Bancarrota, procedimientos. Derecho Concursal10aLey 26.086. Concursos y quiebras. Modificación de la Ley 24.522papéndice legislativo a978-950-894-569-3 1aBuenos Aires :bAD-HOCc2006 a112 p.c20 cm. a1. La nueva ley - 2. Un debate "unitario" para una ley "federal" - 3. Dos impresiones generales reflejas - 4. Una mirada al primer mundo - 5. Reforma de los arts. 14 y 16 - 6. Reforma del art. 21 - 7. Reforma del art. 56 - 8. Reforma del art. 72 - 9. Reforma del art. 132 - 10. Reforma del art. 133 - 11. Clausula transitoria - 12. Aplicación "inmediata" aspa1 aMoro, Carlos E.41uhttps://biblioeco.unsa.edu.ar/pmb/images/libros/L126405.jpgyImagen de portadaqimage/jpeg